Les meilleures punchline de Kaaris - Statistiques

Statistiques générales
  • Ce quiz a été pris 764 fois
  • Le résultat moyen est 8 sur 13
Statistiques - réponses
Indice Réponse % Correct
J'n'ai aucune peine, j'te nique ta race Dans les veines ... j'n'ai que de la glace
89%
Elle pense que j'suis en train d'la doigter (hum hum) J'lui mets ... mon gros doigt de pied
86%
J'suis dans la cuisine, ... tu bouffes c'que j'te prépare
75%
J'ai la prose qui tue et, même ton corps reconstituéOn n'sait toujours pas qui tu es, ... ta grand-mère la prostituée
72%
Qu'une chose à dire je dis ... pute
65%
Le goulag, le goulag, le goulag, le goulag, ça charbonne comme ... chinois pour toucher gros boulard
61%
Y’a que les ficelles de tes strings qui te soutiennent Je te baise et ... les draps s’en souviennent
59%
J'allume mon joint, je suis fier de moiComme si ... j'allumais la flamme olympique
53%
J'crame le gros cul de Marianne,C'est pour ça ... qu'ça sent le bacon
51%
Elle a cent millilitres de liquide dans la culotte Elle peut ... même plus prendre l'avion
45%
J'ouvre une bouteille à chaque fois qu'ils ferment ... le cercueil d'un flic
44%
J'te laisse tirer sur ma chicha, et tu veux plus ... me rendre le tuyau
36%
Dis à ta bitch négro, qu'elle se pose dans le VIP à l'aise Son boule est tellement gros que ... sa shneck avale la chaise
28%
Aucun quiz correspondant
Distribution des résultats
% des personnes avec chaque résultat
Percentile par nombre de réponses
Votre historique - résultats
Vous n’avez pas pris ce quiz